000 00736nam a2200241Ia 4500
008 200601s9999 xx 000 0 und d
020 _a978-1-98462-096-5
050 _aMAIN TX 911.3
050 _b.M3C67 2019
245 0 _aCore concepts in hospitality and tourism :
245 0 _bhospitality services marketing /
245 0 _cauthored and edited by 3G E-learning.
260 _aNew York :
260 _b3G E-learning,
260 _c2019
300 _a293 pages :
300 _bcolor illustrations ;
300 _c23 cm.
300 _e+ 1 videodisc (DVD : sd., col. ; 4 3/4 in.)
440 _a3G E-learning
500 _aIncludes bibliographical references and index.
650 _aHospitality industry -- Marketing.
999 _c363215
_d363215